00403nam a2200205Ia 4500003000900000008004100009040001300050040001300063041000800076100002100084100000700105245001200112250001000124260001200134260000900146300001100155300001200166490000600178600001300184IT-RoPAU120407s9999 xx 000 0 und d aIT-RoPAU cIT-RoPAU afra aPie-Aymon Reggio cop aLa joie aParis aDu Cerf c1958 a106 p. c16,5 cm v1 a1. Gioia